000 01893cam a2200517Ii 4500
001 sjds2142807
003 sjds
005 20190325163837.0
008 170717s2018 nyua b 000 1 spa d
020 _a9781523503186
_q(paperback)
020 _a1523503181
_q(paperback)
035 _a(OCoLC)993691674
035 _a(OCoLC)ocn993691674
035 _a1984476
035 _a1984476
040 _aYDX
_beng
_erda
_cYDX
_dBTCTA
_dOCP
_dIFA
041 1 _aspa
_aeng
049 _aIFAA
099 _f2018
999 _c21977
_d21977
999 _bESPANOL PICTURE BOOKS LOMP 2018
100 1 _aLomp, Stephan,
_eauthor,
_eillustrator.
245 1 0 _aBebe, vamos a comer! =
_bBaby, let's eat! /
_cStephan Lomp.
246 3 1 _aBaby, let's eat!
246 3 _aBaby, let us eat!
260 _aNew York :
_bWorkman Publishing Co., Inc.,
_c[2018]
264 1 _aNew York :
_bWorkman Publishing Co., Inc.,
_c[2018]
300 _a1 volume (unpaged) :
_bcolor illustrations ;
_c18 cm.
336 _atext
_btxt
_2rdacontent
337 _aunmediated
_bn
_2rdamedia
338 _avolume
_bnc
_2rdacarrier
490 1 _aIndestructibles
500 _a"Bilingual: Spanish and English"--Cover.
500 _aResiste mordidas. No se rompe. No es toxico. 100% lavable.
520 _aExplora un arco iris de alimentos deliciosos en un libro que es indestructible.
520 _aExplore the rainbow of delicious food from an indestructible book.
521 8 _aPara edades de 0 y más!
546 _aText in Spanish and English.
650 0 _aSpanish language materials
_xBilingual
_vJuvenile literature.
650 7 _aMateriales bilingues en espanol
_vLiteratura juvenil.
_2bidex
650 0 _aInfants
_vJuvenile literature.
650 0 _aFood
_vJuvenile literature.
650 7 _aNinos lactantes
_vLiteratura juvenil.
_2bidex
650 7 _aAlimentos
_vLiteratura juvenil.
_2bidex
830 0 _aIndestructibles.
942 _cBK